Budovanie nových kapitálových trhov je revolúcia. 3
Štúdia o rozvoji kapitálových trhov v transformujúcich sa ekonomikách (spracovaná Stredoeurópskou univerzitou v Prahe). Trh s obligáciami na kapitálovom trhu. Odporúčania pre transformujúce sa krajiny.
Salvato in:
| Natura: | Capitolo di libro |
|---|---|
| Lingua: | slovacco |
| Soggetti: | |
| Tags: |
Nessun Tag, puoi essere il primo ad aggiungerne!!
|
MARC
| LEADER | 00000naa a2200000 4500 | ||
|---|---|---|---|
| 001 | r020385 | ||
| 005 | 20221213100733.9 | ||
| 041 | 0 | |a slo | |
| 044 | |a SK | ||
| 245 | 1 | 0 | |a Budovanie nových kapitálových trhov je revolúcia. 3 |
| 520 | |a Štúdia o rozvoji kapitálových trhov v transformujúcich sa ekonomikách (spracovaná Stredoeurópskou univerzitou v Prahe). Trh s obligáciami na kapitálovom trhu. Odporúčania pre transformujúce sa krajiny. | ||
| 610 | 2 | 0 | |a trh kapitálový |
| 610 | 2 | 0 | |a obligácie |
| 610 | 2 | 0 | |a stredná Európa |
| 610 | 2 | 0 | |a východná Európa |
| 610 | 2 | 0 | |a štúdie |